|
|
|
|
| LEADER |
00571nam a22001577a 4500 |
| 020 |
|
|
|a 978-81-7884-629-3
|
| 082 |
|
|
|a 630.0721 NAU/RE
|
| 100 |
|
|
|a K P Nautiyal
|
| 245 |
|
|
|a Research Methodology In Plant Sciences
|
| 250 |
|
|
|a I
|
| 260 |
|
|
|a New Delhi
|b Cyber Tech Publications
|c 2010
|
| 300 |
|
|
|a 272
|
| 650 |
|
|
|a introduction
|a energy and enzymes
|a water and plant cells
|a water balance of plants
|
| 942 |
|
|
|c BK
|
| 999 |
|
|
|c 168710
|d 168710
|
| 952 |
|
|
|0 0
|1 0
|4 0
|6 630_072100000000000_NAU_RE
|7 0
|9 173503
|a KAUCOAP
|b KAUCOAP
|d 2016-02-19
|o 630.0721 NAU/RE
|p KAU_COAP07209
|r 2016-02-19
|w 2016-02-19
|y BK
|